[Event "Staatsmeisterschaft 2001"]
[Site "Mureck (Austria)"]
[Date "2001.08.19"]
[Round "15.3"]
[White "Rolletschek, Heinrich"]
[Black "Volkmann, Friedrich Karl"]
[Result "0-1"]
[WhiteElo "2340"]
[BlackElo "2406"]
[PlyCount "118"]
[EventDate "2001.08.19"]

1. e4 c5 2. g3 d5 3. d3 Nc6 4. Nd2 dxe4 5. dxe4 e6 6. Ngf3 Nf6 7. Bg2 Be7 8.
O-O O-O 9. e5 Nd7 10. Qe2 a5 11. a4 b6 12. Re1 Nb4 13. Qe4 Ra7 14. c3 f5 15.
exf6 Nxf6 16. Qc4 Nc2 17. Rxe6 Bxe6 18. Qxe6+ Kh8 19. Ra2 c4 20. Qxc4 Rc7 21.
Qb3 Nb4 22. Ra1 Nd3 23. Nd4 Bc5 24. N2f3 Ng4 25. Bg5 Qe8 26. Rf1 Qh5 27. h4 h6
28. Bd2 Rcf7 29. Be3 Nxe3 30. fxe3 Ne5 31. Nh2 Rxf1+ 32. Nxf1 Ng4 33. Qd1 Qg6
34. Nc2 Ne5 35. b4 Bd6 36. Qe2 Rc8 37. bxa5 bxa5 38. Qa6 Rf8 39. Nd4 Bc7 40.
Qxg6 Nxg6 41. Ne6 Rc8 42. Bb7 Rb8 43. Be4 Re8 44. Bd5 Be5 45. c4 Ne7 46. Kf2
Rb8 47. Kf3 Nxd5 48. cxd5 Rb4 49. Nc5 Bd6 50. Ne4 Bf8 51. Nfd2 Rxa4 52. Nb3 Kg8
53. d6 Kf7 54. d7 Be7 55. Nd6+ Ke6 56. Nc5+ Kxd6 57. Nxa4 Kxd7 58. Ke4 Kc6 59.
h5 Bf6 0-1

[Event "Staatsmeisterschaft 2001"]
[Site "Mureck (Austria)"]
[Date "2001.08.19"]
[Round "15.4"]
[White "Stanec, Nikolaus"]
[Black "Sommerbauer, Norbert"]
[Result "1/2-1/2"]
[WhiteElo "2530"]
[BlackElo "2422"]
[PlyCount "22"]
[EventDate "2001.08.19"]

1. e4 c5 2. Nf3 Nc6 3. d4 cxd4 4. Nxd4 Nf6 5. Nc3 e5 6. Ndb5 d6 7. Bg5 a6 8.
Bxf6 gxf6 9. Na3 b5 10. Nd5 f5 11. exf5 11... Bxf5 {.} 1/2-1/2

[Event "Staatsmeisterschaft 2001"]
[Site "Mureck (Austria)"]
[Date "2001.08.19"]
[Round "15.6"]
[White "Weiss, Christian"]
[Black "Baumegger, Siegfried"]
[Result "0-1"]
[WhiteElo "2403"]
[BlackElo "2357"]
[PlyCount "94"]
[EventDate "2001.08.19"]

1. d4 Nf6 2. g3 d5 3. Bg2 Bf5 4. Nf3 e6 5. O-O Nbd7 6. c4 c6 7. b3 Be7 8. Bb2
O-O 9. Nc3 Ne4 10. Nd2 Nxc3 11. Bxc3 Nf6 12. Re1 c5 13. cxd5 Nxd5 14. Bxd5
14... cxd4 { } 15. Bxb7 dxc3 16. Nc4 Rb8 17. Bg2 Bf6 18. e4 Bg6 19. Qf3 Bd4 20.
Rad1 e5 21. h4 f5 22. exf5 Rxf5 23. Qd5+ Qxd5 24. Bxd5+ Kh8 25. Ne3 Rff8 26.
Rc1 a5 27. Kg2 c2 28. h5 Bd3 29. Bc4 Be4+ 30. Kg1 Rf3 31. Bf1 Bxe3 32. Rxe3
Rxe3 33. fxe3 Rd8 34. Be2 g5 35. Kf2 Kg7 36. a3 Rb8 37. Bc4 g4 38. Ke1 Rf8 39.
Be2 Rb8 40. Bc4 Kh6 41. Kd2 Kxh5 42. Rf1 Kg5 43. Kc1 h5 44. Rf7 a4 45. Rg7+ Kh6
46. Re7 axb3 47. Re6+ Kg7 0-1

[Event "Staatsmeisterschaft 2001"]
[Site "Mureck (Austria)"]
[Date "2001.08.19"]
[Round "15.7"]
[White "Fahrner, Kurt"]
[Black "Wukits, Rene"]
[Result "1-0"]
[WhiteElo "2365"]
[BlackElo "2269"]
[PlyCount "53"]
[EventDate "2001.08.19"]

1. c4 Nf6 2. Nc3 e6 3. d4 d5 4. Bg5 Be7 5. e3 O-O 6. Nf3 Nbd7 7. cxd5 exd5 8.
Bd3 c6 9. Qc2 Re8 10. O-O g6 11. Rab1 Ne4 12. Bf4 Nd6 13. b4 a6 14. a4 b5 15.
e4 Nb6 16. exd5 Nxd5 17. Nxd5 cxd5 18. Bxd6 Bxd6 19. axb5 axb5 20. Bxb5 Bf5 21.
Bd3 Bg4 22. Ne5 Bxe5 23. dxe5 Rxe5 24. Qc5 Rh5 25. Qd4 Qd6 26. f4 Qd8 27. Rb2 {
} 1-0

[Event "Staatsmeisterschaft 2001"]
[Site "Mureck (Austria)"]
[Date "2001.08.19"]
[Round "15.8"]
[White "Brandner, Stefan"]
[Black "Mahdy, Khaled"]
[Result "1-0"]
[WhiteElo "2276"]
[BlackElo "2348"]
[PlyCount "125"]
[EventDate "2001.08.19"]

1. d4 d5 2. Nc3 Bf5 3. f3 e6 4. e4 Bg6 5. exd5 exd5 6. Qe2+ Ne7 7. Bf4 a6 8. h4
h5 9. g3 Nbc6 10. O-O-O Bf5 11. Bh3 Bxh3 12. Nxh3 Qd7 13. Ng5 Nd8 14. Rhe1 Rh6
15. Qd3 Ne6 16. Nxe6 Rxe6 17. Rxe6 fxe6 18. Qh7 O-O-O 19. Qxh5 Nc6 20. Qg6 Ne7
21. Qd3 Nf5 22. h5 Bd6 23. Bxd6 Qxd6 24. g4 Qf4+ 25. Qd2 Ne3 26. Re1 Ng2 27.
Rg1 Qxd2+ 28. Kxd2 Nf4 29. Ke3 Rf8 30. Ne2 Nh3 31. Rh1 Ng5 32. f4 Nf7 33. Ng3
Kd7 34. g5 Ke7 35. b3 Rh8 36. c4 c6 37. cxd5 cxd5 38. Rc1 Kd7 39. Kf3 Nd6 40.
Kg4 Nb5 41. Rd1 Rc8 42. f5 Re8 43. g6 Rg8 44. Kg5 exf5 45. Nxf5 Nc3 46. Re1
Ne4+ 47. Kf4 Ke6 48. Ng3 Rd8 49. Nxe4 dxe4 50. Rxe4+ Kf6 51. Ke3 Rc8 52. d5 Rh8
53. d6 Rxh5 54. d7 Rd5 55. Rd4 Rxd4 56. Kxd4 Ke7 57. Kc5 Kxd7 58. Kb6 Kc8 59.
b4 Kb8 60. a4 Kc8 61. Ka7 Kc7 62. b5 a5 63. Ka8 1-0